Statistics for Dates of Historical Events #1

Click here to take the quiz!

General Stats

  • This quiz has been taken 191 times
  • The average score is 5 of 15

Answer Stats

Historical EventYear% Correct
Discovery of the New World1492
70%
Battle of Hastings1066
69%
USA Independence Year1776
67%
"I have a dream" - Speech by Martin Luther King1963
60%
Assassination of Julius Caesar (Date is BC)44BC
56%
Conquest of Constantinople1453
41%
Coronation of Charlemagne800
38%
Black Death1347-1353
34%
Theory of Special Relativity1905
26%
Birth of the Protestant Reformation1517
20%
Invention of the car1886
19%
South Africa Independence Year1910
19%
Invention of the light bulb1878
14%
Battle of Vienna1683
10%
Establishment of the Polish-Lithuanian Commonwealth1569
6%

Score Distribution

Percentile by Number Answered

Percent of People with Each Score

Your Score History

You have not taken this quiz